00489nam a2200181 a 4500020001800000041000800018082001400026100001100040245001800051260003600069300000900105500003500114650001700149700001100166942000700177952010600184999001700290 a8179925757  aENG00a100bOSH3 aOsho,  aJoking Around aDelhi bJaico Pub. House c2009 a233p aincludes index and biblioraphy aSpirituality1 aOsho,  cBK 00104070aHMIbHMId2009-10-26g250.00l2o100 OSH3p022915r2017-09-15s2017-09-08w2026-01-16yBK c16940d16940